University Home | Library Home | Institutional Repository

Grammatica do Chisena : (Record no. 71596)

MARC details
000 -LEADER
fixed length control field 00655cam1a220021700 4500
001 - CONTROL NUMBER
control field tmp15341550
003 - CONTROL NUMBER IDENTIFIER
control field UPRA
005 - DATE AND TIME OF LATEST TRANSACTION
control field 20190815113021.0
008 - FIXED-LENGTH DATA ELEMENTS--GENERAL INFORMATION
fixed length control field 950731s1900 za por u
035 ## - SYSTEM CONTROL NUMBER
System control number (Sirsi) r122553
035 ## - SYSTEM CONTROL NUMBER
System control number (UPRA)tmp15341550
040 ## - CATALOGING SOURCE
Transcribing agency UPRA
041 0# - LANGUAGE CODE
Language code of text/sound track or separate title poreng
100 1# - MAIN ENTRY--PERSONAL NAME
Personal name Torrend, J.
Linkage A30459.1
245 10 - TITLE STATEMENT
Title Grammatica do Chisena :
Remainder of title a grammar of the language of the lower Zambezi.
260 ## - PUBLICATION, DISTRIBUTION, ETC.
Place of publication, distribution, etc. Chipanga, Zambezia,
Date of publication, distribution, etc. 1900.
500 ## - GENERAL NOTE
General note Portuguese and English.
650 #0 - SUBJECT ADDED ENTRY--TOPICAL TERM
Topical term or geographic name entry element Sena language -- Grammar.
General subdivision Sena language -- Grammar.
Linkage S64729.1
949 ## - LOCAL PROCESSING INFORMATION (OCLC)
a PL8655
w lcc
i -176321
m MAIN
t BOOK
l ON-SHELF

No items available.

© 2026 - The University of Zambia Library - Koha v25.11